000 00452nam a2200181Ia 4500
001 16486
005 20260306170313.0
008 260306t2010||||xx |||||||||||||| ||und||
041 _aESP
082 _a348.6
_bM22
100 _aJiménez Coronado, Ludmin Gustavo
_eAUT
245 0 _aManual de regímenes laborales especiales
260 _c2010
300 _a278 páginas :
_c24 cm.
650 _aGEN
654 _aCDE
942 _cLIB
_dJUS
_fJUS
_2ddc
_n
999 _c16486
_d16486